|
|
|
|
| LEADER |
00000nam0a2200000 4500 |
| 001 |
310498 |
| 005 |
20231102002307.0 |
| 020 |
|
|
|a RU
|b 82-23160
|
| 035 |
|
|
|a (RuTPU)RU\TPU\book\335848
|
| 090 |
|
|
|a 310498
|
| 100 |
|
|
|a 20151126d1982 k y0rusy5003 ca
|
| 101 |
0 |
|
|a rus
|
| 102 |
|
|
|a RU
|
| 105 |
|
|
|a y z 001zy
|
| 200 |
1 |
|
|a Американская художественная культура в социально-политическом контексте 70-х годов XX века
|e сборник статей
|f Академия наук СССР (АН СССР), Институт Соединенных Штатов Америки и Канады ; под ред. А. С. Мулярчика, В. П. Шестакова
|
| 210 |
|
|
|a Москва
|c Наука
|d 1982
|
| 215 |
|
|
|a 270 с.
|
| 320 |
|
|
|a Указатель имен: с. 264-269
|
| 606 |
1 |
|
|a Культура
|x Культурное строительство в зарубежных странах
|2 stltpush
|3 (RuTPU)RU\TPU\subj\16750
|9 42684
|
| 610 |
1 |
|
|a американская культура
|
| 610 |
1 |
|
|a США
|
| 610 |
1 |
|
|a 20 век
|
| 610 |
1 |
|
|a художественная культура
|
| 610 |
1 |
|
|a политическая культура
|
| 610 |
1 |
|
|a социальное развитие
|
| 610 |
1 |
|
|a неоконсерватизм
|
| 610 |
1 |
|
|a драматургия
|
| 610 |
1 |
|
|a киноиндустрия
|
| 610 |
1 |
|
|a журналистика
|
| 686 |
|
|
|a Ч11(4/8)
|v LBC/SL-A
|2 rubbk
|
| 702 |
|
1 |
|a Мулярчик
|b А. С.
|4 340
|
| 702 |
|
1 |
|a Шестаков
|b В. П.
|4 340
|
| 712 |
0 |
2 |
|a Академия наук СССР (АН СССР)
|b Институт Соединенных Штатов Америки и Канады
|2 stltpush
|3 (RuTPU)RU\TPU\col\13494
|
| 801 |
|
0 |
|a RU
|b RuMRKP
|c 19950704
|g psbo
|
| 801 |
|
1 |
|a RU
|b 63413507
|c 20151126
|
| 801 |
|
2 |
|a RU
|b 63413507
|c 20171018
|g RCR
|
| 942 |
|
|
|c BK
|